Πτυχίον αεροναυτίλου
Αποθηκεύτηκε σε:
| Κύριος συγγραφέας: | |
|---|---|
| Συγγραφή απο Οργανισμό/Αρχή: | |
| Μορφή: | Βιβλίο |
| Γλώσσα: | Greek |
| Δημοσίευση: |
Αθήναι :
Προσκοπικόν πρατήριον,
[1967]
|
| Σειρά: | Πτυχία ειδικοτήτων αεροπροσκόπων ;
; 3 |
| Θέματα: | |
| Ετικέτες: |
Προσθήκη ετικέτας
Δεν υπάρχουν, Καταχωρήστε ετικέτα πρώτοι!
|
MARC
| LEADER | 00000cam a2200000 i 4500 | ||
|---|---|---|---|
| 001 | 1/87265 | ||
| 008 | 080530s1967 gre d | ||
| 035 | |l 10097835 | ||
| 040 | |a GR-MY-UA |b gre |e aacr | ||
| 041 | 0 | |a gre | |
| 082 | 0 | |a 369.43 |2 (22) | |
| 100 | 1 | |a Φλωρέντης, Λ. Α. | |
| 245 | 1 | 0 | |a Πτυχίον αεροναυτίλου / |c υπό Λάζ. Α. Φλωρέντη ; [Σώμα Ελλήνων Προσκόπων] |
| 246 | 3 | 3 | |a Πτυχίον περιβάλλοντος αέρος αεροναυτίλου |
| 260 | |a Αθήναι : |b Προσκοπικόν πρατήριον, |c [1967] | ||
| 300 | |a 67 σ.; |b εικ., σχέδια; |c 17 εκ. | ||
| 490 | 1 | |a Πτυχία ειδικοτήτων αεροπροσκόπων |v ; 3 | |
| 650 | 0 | 0 | |a Aeronautics. |
| 650 | 0 | 0 | |a Scouting (Youth activity) |
| 710 | 2 | |a Σώμα Ελλήνων Προσκόπων. | |
| 830 | 0 | |a Πτυχία ειδικοτήτων αεροπροσκόπων ; |v ; 3 | |
| 852 | |a INST |b RHODES |c AKA |e 20080530 |h 369.43 ΦΛΩ |p 005400029033 |q 005400029033 |t BK |y 0 | ||
| 901 | |a BIBL4-2008-2 | ||
| 909 | |a Ρ |b 150224 | ||
| 970 | |a ΧΑΡΙΟΠΟΛΙΤΟΥ |b ΚΩΝΣΤΑΝΤΙΝΑ |z 2008/05/30 | ||